Využitie polymérnych sorbentov s odtlačkom molekuly v analýze vzoriek kozmetiky

Salvato in:
Dettagli Bibliografici
Autore principale: Špačková, Andrea (Autore)
Altri autori: Hroboňová, Katarína (Relatore della tesi)
Natura: Manoscritto Libro
Lingua:slovacco
Pubblicazione: 2018
Soggetti:
Accesso online:http://is.stuba.sk/zp/portal_zp.pl?podrobnosti=126460
Tags: Aggiungi Tag
Nessun Tag, puoi essere il primo ad aggiungerne!!

MARC

LEADER 00000ntm a22000003a 4500
001 stuzp69673
003 SK-STU
005 20180623210935.0
007 ta
008 150427s2015----xo-----f-mn---000-0-slo-d
040 |a STU  |b slo 
041 0 |a slo 
100 1 |a Špačková, Andrea  |u 041000  |4 aut  |U FCHPT Fakulta chemickej a potravinárskej technológie  |T FCHPT Ústav analytickej chémie  |X 65170  |U C1000  |Y 99  |7 65170 
242 0 1 |a Use of molecularly imprinted polymeric sorbents in analysis of cosmetic samples  |y eng 
245 1 0 |a Využitie polymérnych sorbentov s odtlačkom molekuly v analýze vzoriek kozmetiky 
260 |c 2018 
650 4 |a kozmetické prípravky  |2 slo 
650 4 |a kumaríny  |2 slo 
650 4 |a polyméry s odtlačkami molekúl pripravené na povrchu magnetického nosiča  |2 slo 
650 4 |a coumarins  |2 eng 
650 4 |a molecularly imprinted polymers prepared on the magnetic support  |2 eng 
650 4 |a cosmetics  |2 eng 
700 1 |a Hroboňová, Katarína  |u 041000  |k Z1  |4 ths  |U FCHPT Fakulta chemickej a potravinárskej technológie  |T FCHPT Ústav analytickej chémie  |X 3931  |U C1000  |Y 99  |7 A000003931 
856 4 |u http://is.stuba.sk/zp/portal_zp.pl?podrobnosti=126460